Diuretiká Doping (12.)

Bibliographic Details
Main Author: Hamar, Dušan, 1952- (Author)
Format: Article
Language:Slovak
PhysicalDescription:Obr. 1
Subjects:

MARC

LEADER 00000nab a2200000 a 4500
001 vtls000492683
003 SK-MaSNL
005 20260303005155.0
008 220422c1993 xo 0 slo
015 |a SNBRB19rr/mm-uuuuu 
035 |a CL0492821 
040 |a SNKBUCL  |b slo  |c SNKBUCL  |e AACR2 
041 0 |a slo 
044 |a xo  |c SK 
080 |a 796:615.035  |2 1981 
080 |a 615.035  |2 1981 
100 1 |a Hamar, Dušan,  |d 1952-  |4 aut  |9 106432 
245 1 0 |a Diuretiká  |b Doping (12.)  |c Dušan Hamar 
300 |b Obr. 1 
650 0 7 |a šport  |2 snkbucl  |9 1042 
650 0 7 |a doping  |2 snkbucl  |9 13398 
655 7 |a články z novín a časopisov  |2 snkbucl  |9 267496 
773 0 |t Muscle a fitness - FIT-plus  |g Č. 8 (1993), s. 69 
850 |a Slovenská národná knižnica v Martine  |a MTA001 
852 |a SNK  |b KIS3GCP 
958 |a RK 
958 |a ME 
992 |a RBX 
999 |c 1581113  |d 1583043